Members of Newjeans - Statistics

General Stats
  • This quiz has been taken 495 times
  • The average score is 5 of 5
Answer Stats
Answer % Correct
Danielle
95%
Hanni
95%
Minji
95%
Hyein
92%
Haerin
91%
No matching quizzes found
Score Distribution
Percent of People with Each Score
Percentile by Number Answered
Your Score History
You have not taken this quiz